|
|
|
|
| LEADER |
00000cam a2200000 a 4500 |
| 001 |
vtls008556751 |
| 003 |
SK-MaSNL |
| 005 |
20260301021438.0 |
| 008 |
240313s1980 xr g 000 0 cze |
| 020 |
|
|
|q (viazané)
|
| 035 |
|
|
|a SAVUKc146775
|
| 040 |
|
|
|a SNK
|b slo
|c SNK
|e AACR2
|
| 041 |
0 |
|
|a cze
|
| 044 |
|
|
|a xr
|c CZ
|
| 072 |
|
7 |
|a 821.112.2
|x Nemecká literatúra, nemecky písaná
|2 konspekt
|
| 080 |
|
|
|a 821.112.2
|2 2011
|
| 080 |
|
|
|a 821.112.2-2
|2 2011
|
| 080 |
|
|
|a 821.112.2-051
|2 2011
|
| 080 |
|
|
|a (082.21)
|2 2011
|
| 100 |
1 |
|
|a Schiller, Friedrich,
|d 1759-1805
|4 aut
|9 162681
|
| 245 |
1 |
0 |
|a Óda na radost
|b z díla
|c Friedrich Schiller ; svazek uspořádal, verše vybral, úvodní esej, životopisný přehled a ediční poznámku napsal a obrazovým materiálem, vzpomínkami, dopisy a ostatními dokumenty vybavil Václav Kubín ; verše přel. kol.
|
| 250 |
|
|
|a 1. vyd.
|
| 260 |
|
|
|a Praha
|b Československý spisovatel
|c 1980
|
| 300 |
|
|
|a 131 s.
|b faksimile, ilustrácie, fotografie
|c 19 cm
|
| 366 |
|
|
|e 12 000 kusov
|
| 490 |
1 |
|
|a Klub přátel poezie. Základní řada
|v roč. 20, sv. 1
|
| 600 |
1 |
7 |
|a Schiller, Friedrich,
|d 1759-1805
|2 SNKMA
|9 162681
|
| 648 |
|
7 |
|a 18.-19. storočie
|2 SNKPH
|9 276687
|
| 648 |
|
7 |
|a 18th-19th centuries
|2 SNKPHeng
|9 306531
|
| 650 |
0 |
7 |
|a nemecká literatúra
|2 SNKPH
|9 1195
|
| 650 |
0 |
7 |
|a nemecká dráma
|2 SNKPH
|9 79398
|
| 650 |
0 |
7 |
|a nemeckí spisovatelia
|2 SNKPH
|9 67060
|
| 650 |
0 |
7 |
|a German literature
|2 SNKPHeng
|9 266003
|
| 650 |
0 |
7 |
|a German drama
|2 SNKPHeng
|9 310409
|
| 650 |
0 |
7 |
|a German authors
|2 SNKPHeng
|9 296248
|
| 655 |
|
7 |
|a výbery
|2 SNKPH
|9 67620
|
| 655 |
|
7 |
|a Selections
|2 SNKPHeng
|9 277174
|
| 700 |
1 |
|
|a Kubín, Václav,
|d 1920-2007
|4 com
|9 158443
|
| 830 |
|
0 |
|a Klub přátel poezie (Československý spisovatel)
|9 310410
|
| 852 |
|
|
|a Akadémia umení v Banskej Bystrici
|
| 958 |
|
|
|a OND
|
| 999 |
|
|
|c 565365
|d 567295
|
| 952 |
|
|
|a SNK
|b SNK
|y VYP
|7 0
|p 17A1053143
|o snkIC 82268
|i snkKIP 10607/80
|0 0
|1 0
|4 0
|d 2012-10-22
|l 0
|r 2026-02-23 13:56:01
|w 2026-02-23
|